• 首页
  • 本馆介绍
  • 公告通知
  • 最新文献
  • 馆藏检索
  • 电子资源
  • 读者导购
  • 参考咨询
  • 我的图书馆
  • 登录
  • 详细信息显示
  • 放入我的书架
  • 预约/预借图书
  • 作者相关作品
  • 分类相关作品
  • 丛书相关作品
  • 出版社相关作品

书目信息

  • 表格格式
  • 工作单格式
  • 卡片格式
题名:
苹果科学施肥技术
    
 
作者: 康伟伟 , 包增贵 , 宋子平 编著
分册:  
出版信息: 北京   化学工业出版社  2016
页数: 174页
开本: 21cm
丛书名:
单 册:
中图分类: S661.106
科图分类:
主题词: 苹果--施肥
电子资源:
ISBN: 978-7-122-26641-5
000 01047nam0 2200253 450
001 2947
005 20161207091711.03
010    @a978-7-122-26641-5@dCNY25.00
100    @a20160701d2016 em y0chiy50 ea
101 0  @achi
102    @aCN@b110000
105    @aa z 000yy
200 1  @a苹果科学施肥技术@9ping guo ke xue shi fei ji shu@f康伟伟,包增贵,宋子平编著
210    @a北京@c化学工业出版社@d2016
215    @a174页@c照片@d21cm
307    @a实际页数为:175
330    @a本书系统介绍了苹果树生长结果所需的营养元素,影响苹果树吸收养分的因素,苹果树需肥规律,苹果生产中常用肥料种类及各肥料养分含量,土壤养分的供给量,苹果树科学合理施肥,提高肥料利用率的措施,以及施肥中存在的问题及对策等相关内容;重点介绍先进施肥技术及新型肥料知识,普及先进施肥理念,以促进施肥效果的提升。
606 0  @a苹果@x施肥
690    @aS661.106@v5
701  0 @a康伟伟@9kang wei wei@4编著
701  0 @a包增贵@9bao zeng gui@4编著
701  0 @a宋子平@9song zi ping@4编著
801  0 @aCN@b大连网信软件有限公司图书馆·11@c20161207
905    @aZUCC@dS661.106@e416
    
    苹果科学施肥技术/康伟伟,包增贵,宋子平编著.-北京:化学工业出版社,2016
    174页:照片;21cm
    
    
    ISBN 978-7-122-26641-5:CNY25.00
    本书系统介绍了苹果树生长结果所需的营养元素,影响苹果树吸收养分的因素,苹果树需肥规律,苹果生产中常用肥料种类及各肥料养分含量,土壤养分的供给量,苹果树科学合理施肥,提高肥料利用率的措施,以及施肥中存在的问题及对策等相关内容;重点介绍先进施肥技术及新型肥料知识,普及先进施肥理念,以促进施肥效果的提升。
●
相关链接 在E读中查询图书 在五车中查询图书 在当当中查询图书 在豆瓣中查询图书


正题名:苹果科学施肥技术     索取号:S661.106/416         预约/预借

序号 登录号 条形码 馆藏地/架位号 状态 备注
1 912686   209126863   第二样本阅览室/ [索取号:S661.106/416] 在馆    
2 912687   209126872   密集书库-生命科学系/ [索取号:S661.106/416] 在馆    
3 912688   209126881   第三借阅区/ [索取号:S661.106/416] 在馆    
4 912689   209126890   第三借阅区/ [索取号:S661.106/416] 在馆    
唐山师范学院图书馆 欢迎您!
大连网信软件有限公司© 版权所有